| 000 | 00579cam a2200181 a 4500 | ||
|---|---|---|---|
| 020 | _a9789699532009 | ||
| 082 |
_a954.9105 _bSAF _cL-30-11, P-183 |
||
| 100 | 1 |
_aSafdar Mahmood _99778 |
|
| 245 | 1 | 0 |
_aپا کستان کیوں ٹوٹا _cSafdar Mahmood |
| 260 |
_aLahore : _bConstellation Plus, _c[2011?] |
||
| 300 |
_axiii, 123 p. : _bcol. ill. ; _c31 cm. |
||
| 526 |
_a0 _b0 _c0 _d954_910500000000000_SAF |
||
| 650 | 0 |
_aChurch architecture _zPakistan _921039 |
|
| 650 | 0 |
_aChurches _zPakistan _921040 |
|
| 650 | 0 |
_aMCE _9379 |
|
| 700 | 1 |
_aKazi, Syed Javaid A. _96457 |
|
| 942 |
_2ddc _cBK |
||
| 999 |
_c549940 _d549940 |
||